| 000 | 00750nam a2200217 4500 | ||
|---|---|---|---|
| 001 | 139552 | ||
| 003 | ES-MaACL | ||
| 005 | 20250808004005.0 | ||
| 007 | t| | ||
| 008 | 070214s1958 sp r ||||1| spa d | ||
| 100 | 1 |
_aSauvage, Micheline. _9104028 |
|
| 245 | 1 | 0 |
_aSócrates y la conciencia del hombre / _cMicheline Sauvage ; con la colaboración de Marie Sauvage ; traducción de Isabel Gil de Ramales. |
| 260 |
_aMadrid : _bAguilar, _c1958. |
||
| 300 |
_a219 p., 9 lám. : _bil. ; _c18 cm. |
||
| 490 | 1 | _aCol. hombres de espíritu | |
| 700 | 1 |
_aSauvage, Marie. _9104027 |
|
| 700 | 1 |
_aGil de Ramales, Isabel. _956799 |
|
| 830 | 0 | 0 |
_aHombres de espíritu _9182401 |
| 852 |
_aES-MaACL _jC-16178 _bR.44110 |
||
| 999 |
_c139552 _d139552 |
||